000 00974nas a2200277 4500
001 BR8303690
003 BR-BrBNA
005 20231205085620.0
007 ta
008 230509b bl.|||p| |||| 00| 00por d
040 _aBR-BrBNA
_bpor
_cBiblioteca Nacional de Agricultura
041 _a(Pt)
072 _aK20
100 1 _aSoares, V.P.
100 1 _aPaula Neto, F. de
100 1 _aScolforo, J.R.S.
111 1 _a4. Congresso Florestal Brasileiro
_cBelo Horizonte, MG (Brazil)
_d10-15 May 1982
245 1 _aAnalise da relacao hipsometrica diametro-altura e das alturas medias, em povoamentos jovens de Eucalyptus grandis no Municipio de Lassance, MG [eucalipto, Minas Gerais, Brasil]
650 _aEUCALIPTO
650 _aDENDROMETRIA
650 _aHIPSOMETRO
650 _aMINAS GERAIS
773 0 _tSilvicultura (Brazil)
_xISSN 0100-3615
_g(Jan-Feb 1983), v. 8(28) p. 702-704
_wBR8303690
909 _a202311
_bLúcia
_c55
_dLúcia Elande
942 _2AGRIS
_n0
_cANA
999 _c112562
_d112562